| 000 | 01328nam a2200313Ia 4500 | ||
|---|---|---|---|
| 001 | ebr10687101 | ||
| 003 | CaPaEBR | ||
| 006 | m u | ||
| 007 | cr cn||||||||| | ||
| 008 | 121129s2013 nyu sb 001 0 eng d | ||
| 010 | _z 2012048025 | ||
| 020 | _z9780823251940 (cloth : alk. paper) | ||
| 040 |
_aCaPaEBR _cCaPaEBR |
||
| 035 | _a(OCoLC)846997949 | ||
| 050 | 1 | 4 |
_aKF4541 _b.C66 2013eb |
| 082 | 0 | 4 |
_a342.7302/909034 _223 |
| 245 | 0 | 0 |
_aConstitutionalism in the approach and aftermath of the Civil War _h[electronic resource] / _cedited by Paul D. Moreno and Johnathan O'Neill. |
| 260 |
_aNew York : _bFordham University Press, _c2013. |
||
| 300 | _aviii, 274 p. | ||
| 504 | _aIncludes bibliographical references and index. | ||
| 533 |
_aElectronic reproduction. _bPalo Alto, Calif. : _cebrary, _d2013. _nAvailable via World Wide Web. _nAccess may be limited to ebrary affiliated libraries. |
||
| 650 | 0 |
_aConstitutional history _zUnited States. |
|
| 651 | 0 |
_aUnited States _xPolitics and government _y1865-1933. |
|
| 655 | 7 |
_aElectronic books. _2local |
|
| 700 | 1 |
_aMoreno, Paul D., _d1965- |
|
| 700 | 1 |
_aO'Neill, Johnathan G. _q(Johnathan George) |
|
| 710 | 2 | _aebrary, Inc. | |
| 856 | 4 | 0 |
_uhttp://site.ebrary.com/lib/rucke/Doc?id=10687101 _zAn electronic book accessible through the World Wide Web; click to view |
| 999 |
_c13117 _d13117 |
||